Central Library OPAC University of Rajshahi

পুরবাসিনী / (Record no. 56479)

MARC details
000 -LEADER
fixed length control field 00790nam a2200229 a 4500
001 - CONTROL NUMBER
control field 56479
003 - CONTROL NUMBER IDENTIFIER
rucl marc code BD-RjUL
005 - DATE AND TIME OF LATEST TRANSACTION
control field 20211209080413.0
008 - FIXED-LENGTH DATA ELEMENTS--GENERAL INFORMATION
fixed length control field 161129s1958 ii ||||| |||| 00| 0 ben d
035 ## - SYSTEM CONTROL NUMBER
System control number (BD-RjUL) 56603
040 ## - CATALOGING SOURCE
Original cataloging agency BD-RjUL
Language of cataloging ben
Transcribing agency BD-RjUL
041 ## - LANGUAGE CODE
Language code of text/sound track or separate title ben
082 ## - DEWEY DECIMAL CLASSIFICATION NUMBER
Edition number 23
Classification number 891.441
Author mark and year DEB 1958
100 ## - MAIN ENTRY--PERSONAL NAME
Personal name দেবী, অপরাজিতা
9 (RLIN) 164225
245 10 - TITLE STATEMENT
Title পুরবাসিনী /
Statement of responsibility, etc. অপরাজিতা দেবী
250 ## - EDITION STATEMENT
Edition statement ২য় সং.
260 ## - PUBLICATION, DISTRIBUTION, ETC. (IMPRINT)
Place of publication, distribution, etc. কলিকাতা :
Name of publisher, distributor, etc. গুরুদাস এ্যান্ড সন্স,
Date of publication, distribution, etc. ১৯৫৮ [?]
300 ## - PHYSICAL DESCRIPTION
Pagination ৬৭ পৃ. ;
Size ২১ সেমি .
650 ## - SUBJECT ADDED ENTRY--TOPICAL TERM
Topical term or geographic name as entry element বাংলা কবিতা
9 (RLIN) 167980
Topical term or geographic name as entry element Bengali Poetry
9 (RLIN) 167981
942 ## - ADDED ENTRY ELEMENTS (KOHA)
Source of classification or shelving scheme Dewey Decimal Classification
Koha item type Books
Holdings
Lost status Source of classification or shelving scheme Damaged status Not for loan Collection code Permanent Location Current Location Shelving location Date acquired Source of acquisition Cost, normal purchase price Total Checkouts Full call number Date last seen Copy number Koha item type
  Dewey Decimal Classification     Non-fiction Central Library, University of Rajshahi Central Library, University of Rajshahi   04/03/1958 Komola Book 2.50   B 891.441 DEB 1958 29/11/2016 C-2 Books